MARC

LEADER 00000nam0a2200000 4500
001 374602
005 20231102012650.0
020 |a RU  |b 86-53474 
035 |a (RuTPU)RU\TPU\retro\32036 
035 |a RU\TPU\book\303971 
090 |a 374602 
100 |a 20221219d1986 k y0rusy5003 ca 
101 0 |a rus 
102 |a RU 
105 |a a z 001zy 
200 1 |a Катализ комплексами металлов первого переходного ряда реакций гидрирования и димеризации  |f Ф. К. Шмидт 
210 |a Иркутск  |c Изд-во Иркутского ун-та  |d 1986 
215 |a 231 с.  |c ил. 
320 |a Библиогр.: с. 230 
606 |a Катализ металлами  |2 stltpush  |3 (RuTPU)RU\TPU\subj\70753  |9 84958 
610 1 |a непредельные углеводороды 
610 1 |a гидрирование 
610 1 |a лиганды 
610 1 |a переходные металлы 
610 1 |a растворители 
610 1 |a каталитические системы 
610 1 |a взаимодействие 
610 1 |a циклогексан 
610 1 |a олефины 
675 |a 544.473  |v 3 
700 1 |a Шмидт  |b Ф. К.  |g Федор Карлович 
801 0 |a RU  |b RuMRKP  |c 19950704  |g psbo 
801 1 |a RU  |b 63413507  |c 20150112 
801 2 |a RU  |b 63413507  |c 20221219  |g RCR 
942 |c BK